"Data Warehousing, Data Mining & OLAP" (Record no. 7008)

MARC details
000 -LEADER
fixed length control field 00436nam a2200181Ia 4500
008 - FIXED-LENGTH DATA ELEMENTS--GENERAL INFORMATION
fixed length control field 230524s9999 xx 000 0 und d
020 ## - INTERNATIONAL STANDARD BOOK NUMBER
ISBN 0070587418
082 ## - DEWEY DECIMAL CLASSIFICATION NUMBER
Classification number 5.74
Item number SMI
100 ## - MAIN ENTRY--AUTHOR NAME
Personal name Alex Berson
245 #0 - TITLE STATEMENT
Title "Data Warehousing, Data Mining & OLAP"
250 ## - EDITION STATEMENT
Edition statement 3RD
260 ## - PUBLICATION, DISTRIBUTION, ETC. (IMPRINT)
Place of publication NEW DELHI
Name of publisher TMH
Year of publication 2004
300 ## - PHYSICAL DESCRIPTION
Number of Pages XXVI;612
500 ## - GENERAL NOTE
General note Quantity Number: 2
650 ## - SUBJECT ADDED ENTRY--TOPICAL TERM
Topical Term Comp-Sc
700 ## - ADDED ENTRY--PERSONAL NAME
Personal name Stephen J.Smith
942 ## - ADDED ENTRY ELEMENTS (KOHA)
Koha item type Books
Holdings
Lost status Damaged status Permanent Location Current Location Shelving location Date acquired Full call number Accession Number Koha item type
    Central Library, Trident Academy of Technology Central Library, Trident Academy of Technology General Stacks 05/24/2023 005.74 SMI 6405 Books
    Central Library, Trident Academy of Technology Central Library, Trident Academy of Technology General Stacks 05/24/2023 005.74 SMI 6406 Books
Trident Academy of Technology © 2023.
All rights reserved.                                                                                                                                                                                                        Designed by Team of Central Library .

Powered by Koha